| 000 | 005180000a22001570004500 | ||
|---|---|---|---|
| 090 |
_aAR _b00261 |
||
| 245 | 1 | 0 | _aCOPAS: an innovative technology for long-tern studies of tropical rain forest Canopies |
| 650 | 1 | 4 |
_aMétodos de investigación _992859 |
| 650 | 1 | 4 |
_aInvestigaciones a largo plazo _993103 |
| 650 | 1 | 4 |
_aBosques húmedos tropicales _917491 |
| 041 | 0 | _aInglés | |
| 700 | 1 |
_aDöring, Joachim _993104 |
|
| 100 | 1 |
_aGottsberger, Gerhard _96903 |
|
| 942 | _cARTICULO | ||
| 773 | 1 |
_tPhyton _3102 _h1 _q165-173 _d1995 _g35 |
|
| 999 |
_c9361 _d9361 |
||